La migración ecuatoriana: transnacionalismo, redes e identidades /

Guardat en:
Dades bibliogràfiques
Autor principal: Herrera, Gioconda
Altres autors: Carrillo María Cristina, Torres, Alicia
Format: Desconegut
Publicat: Quito: FLACSO. Plan migración comunicación y desarrollo
Edició:2
Matèries:
Etiquetes: Afegir etiqueta
Sense etiquetes, Sigues el primer a etiquetar aquest registre!

MARC

LEADER 00000 a2200000 04500
001 34709
003
008 991231s d
040 |a CRAI/IIS  |c CRAI/IIS 
020 |a 9978-67-104-8  
022 |a 9978-67-104-8  
090 |a 1001 H565m  
100 |a Herrera, Gioconda  
245 |a La migración ecuatoriana: transnacionalismo, redes e identidades /  |c Gioconda Herrera  
250 |a 2  
260 |a Quito:   |b FLACSO. Plan migración comunicación y desarrollo  
300 |a 512 p.  
650 |a CULTURA  
650 |a MIGRACION  
650 |a TEORIA SOCIAL  
650 |a ECUADOR  
700 |a   
700 |a Carrillo María Cristina  
700 |a   
700 |a Torres, Alicia  
700 |a   
999 |c 3807  |d 3807